00810nam a22002057a 450000500170000000800390001702000180005605000210007424501610009525000110025626000390026730000280030649000480033450400280038265000450041065000220045570000460047770000370052370000440056020231005131110.0131126t sp ||| |||| 00| 0 spa d a978847074914804aLC1031bD47 202200aDesarrollando competencias educativas en la educación superiorc / Almudena Barrientos-Báez, Ana Gregorio Cano, Xabier Martínez Rolán coordinadores. a1a ed. aMadrid, España :bFragua, c2022 a243 p. :bil. ,c23 cm.0 aBiblioteca de Ciencias de la Comunicación aIncluye bibliografías 72lembaEducación basada en competencias 72lembaEnseñanza1 aBarrientos-Báez, Almudenaecoordinadora1 aGregorio Cano, Anaecoordinadora1 aMartínez Rolán, Xabierecoordinador